| 000 | 00993cab a2200265 4500 | ||
|---|---|---|---|
| 001 | ABS54365 | ||
| 008 | 090401t1995 xxu||||| |||| 00| 0 eng d | ||
| 035 | _a(Sirsi) u9987 | ||
| 041 | _aeng | ||
| 100 | _aDawson, M. | ||
| 245 | _aTenancies at will and licences - are they indistinguishable? | ||
| 260 | _c1995 | ||
| 350 | _a0 | ||
| 490 |
_aJournal of Property Valuation and Investment _v13(5) 1995, 85-94(10) |
||
| 520 | _aWith reference to the cases "Javad v Aquil" and "Sopwith v Stutchbury", makes a detailed examination of the issues surrounding tenancies at will and licences, asking what the differences are between the two, and whether they are clearly distinguishable. References to caselaw throughout. | ||
| 650 | _aCONTRACTUAL LICENCES | ||
| 650 | _aLAW OF PROPERTY ACT 1925 | ||
| 650 | _aLICENCES | ||
| 650 | _aOCCUPATION | ||
| 650 | _aTENANCY AT WILL | ||
| 690 | _aPROPERTY-LANDLORD AND TENANT | ||
| 700 | _aMidgley-Hunt, J. | ||
| 942 | _n0 | ||
| 948 | _c04/03/1997 | ||
| 999 |
_c6279 _d6279 |
||